Publishing as curating : design and imagery in contemporary fashion magazines

Saved in:
Bibliographic Details
Main Author Marcadent, Saul (Author)
Other Authors Clark, Judith, 1967- (waw), Evans, Christopher (Translator)
Format Book
LanguageEnglish
Published Venezia : Marsilo, 2020
EditionFirst edition
Subjects
ISBN978-88-297-0874-1
Physical Description191 stran : ilustrace (některé barevné), portréty ; 24 cm

Cover

LEADER 00000nam a2200000 i 4500
001 115690
003 CZ-ZlUTB
005 20260529085400.0
007 ta
008 260521s2020 it ac f 001 0 eng d
020 |a 978-88-297-0874-1  |q (brožováno) 
040 |a ZLD002  |b cze  |e rda 
041 1 |a eng  |h ita 
045 |a x9y0  |a y-y- 
072 7 |a 070  |x Noviny. Tisk. Žurnalistika  |2 Konspekt  |9 12 
080 |a 070.48:687.5.01  |2 MRF 
080 |a 655.413:050  |2 MRF 
080 |a 655.418.3  |2 MRF 
080 |a 93/94  |2 MRF 
080 |a (048.8)  |2 MRF 
100 1 |a Marcadent, Saul  |4 aut 
240 1 0 |a Editoria come curatela.  |l Anglicky 
245 1 0 |a Publishing as curating :  |b design and imagery in contemporary fashion magazines /  |c Saul Marcadent ; afterword by Judith Clark ; translations Christopher Evans 
250 |a First edition 
264 1 |a Venezia :  |b Marsilo,  |c 2020 
300 |a 191 stran :  |b ilustrace (některé barevné), portréty ;  |c 24 cm 
336 |a text  |b txt  |2 rdacontent 
337 |a bez média  |b n  |2 rdamedia 
338 |a svazek  |b nc  |2 rdacarrier 
504 |a Obsahuje bibliografii a rejstřík 
546 |a Přeloženo z italštiny 
650 0 7 |a módní časopisy  |7 ph123141  |y 1991-2000  |x dějiny  |2 czenas 
650 0 7 |a módní časopisy  |7 ph123141  |y 21. století  |x dějiny  |2 czenas 
650 0 7 |a vydávání periodik  |7 ph118112  |y 1991-2000  |x dějiny  |2 czenas 
650 0 7 |a vydávání periodik  |7 ph118112  |y 21. století  |x dějiny  |2 czenas 
650 0 7 |a vydávání vlastním nákladem  |7 ph437947  |y 1991-2000  |x dějiny  |2 czenas 
650 0 7 |a vydávání vlastním nákladem  |7 ph437947  |y 21. století  |x dějiny  |2 czenas 
650 0 9 |a fashion magazines  |x history  |y 1991-2000  |2 eczenas 
650 0 9 |a fashion magazines  |x history  |y 21st century  |2 eczenas 
650 0 9 |a periodicals publishing  |x history  |y 1991-2000  |2 eczenas 
650 0 9 |a periodicals publishing  |x history  |y 21st century  |2 eczenas 
650 0 9 |a self-publishing  |x history  |y 1991-2000  |2 eczenas 
650 0 9 |a self-publishing  |x history  |y 21st century  |2 eczenas 
655 7 |a monografie  |7 fd132842  |2 czenas 
655 9 |a monographs  |2 eczenas 
700 1 |a Clark, Judith,  |d 1967-  |7 utb2013777485  |4 waw 
700 1 |a Evans, Christopher  |7 xx0201777  |4 trl 
910 |a ZLD002 
942 |2 udc 
952 |0 0  |1 0  |4 0  |5 0  |6 070MARCADENTS  |7 -1  |8 BOOK  |9 191260  |a UTBZL  |b UTBZL  |c 005  |d 2026-05-22  |l 0  |o 070/MARCADENT,S.  |p 420010202187  |r 2026-05-22 08:41:12  |v 650.00  |w 2026-05-22  |x N: dar  |y 01 
992 |a BK  |b SK 
999 |c 115690  |d 115690